LEADER 01161nam a2200265 u 4500 001 000000079350 003 CaOOAMICUS 005 20070226123529.0 008 040531s2002 it u000 u ita u 020 $a8814092788 035 $a10997347 040 $aPUL$bita 100 1 $aCervelli, Stefania.$0(OLS)http://pul/name/52864 245 10$aTrascrizione ed ipoteca :$bmanuale e applicazioni pratiche dalle lezioni di Guido Capozzi /$cStefania Cervelli. 260 $aMilano :$bGiuffrè,$cc2002. 300 $a147 p. ;$c24 cm 504 $aBibliografia : p. [145]-147. 650 4$aIpoteca (diritto).$0(OLS)http://pul/subject/27450 650 4$aDiritto privato.$0(OLS)http://pul/subject/2286 850 $aPUL 852 $aPUL$W1$xSL Diritto e Scienze Sociali 3$y79$m346. 043 CERST 1$j127127$nBK-PRI$qDDC 21$B101554$CPULBib$Z2$F101554 $H87388 $82 941 1 $a9 996 $6020$a8814092788$9(OLS)http://pul/number/104271 996 $6245$aTrascrizione ed ipoteca :$bmanuale e applicazioni pratiche dalle lezioni di Guido Capozzi$9(OLS)http://pul/title/103901 996 $6260$aMilano :$bGiuffrè$9(OLS)http://pul/publisher/48401 LEADER 01689nam a2200349 a 4500 001 000000138970 003 CaOOAMICUS 005 20140625104511.0 008 140625s2002 it u000 u ita r 020 $a88-495-0354-7 040 $aPUL$bita 082 04$a323 245 00$aGlobalizzazione ed ecumene /$ca cura di Daniela Piattelli ; con i contributi di Silvana Barbirotti ... [et al.]. 260 $aNapoli :$bEdizioni scientifiche italiane,$c©2002. 300 $a344 p. ;$c24 cm 490 1 $aPubblicazioni dell'Università degli Studi di Salerno.$aSezione Atti, Convegni, Miscellanee ;$v63 500 $aAtti di un convegno tenuto a Salerno nel 2001. 504 $aBibliografia in nota. 650 4$aGlobalizzazione.$0(OLS)http://pul/subject/38133 650 4$aDiritti umani$xTutela internazionale.$0(OLS)http://pul/subject/20165 650 4$aCooperazione internazionale.$0(OLS)http://pul/subject/14987 700 1 $aPiattelli, Daniela.$0(OLS)http://pul/name/4924 700 1 $aBarbirotti, Silvana.$0(OLS)http://pul/name/89649 830 0$aPubblicazioni dell'Università degli Studi di Salerno.$pSezione Atti, Convegni, Miscellanee ;$v63.$0(OLS)http://pul/title/54494 850 $aPUL 852 $aPUL$W1$xDP2 Diritto e Scienze Sociali 3$y110$m323 PIADA 1$j160437$qDDC 21$B159880$CPULBib$Z2$F159880 $H124292 $82 941 1 $a9 996 $6020$a88-495-0354-7$9(OLS)http://pul/number/155607 996 $6082$a323$9(OLS)http://pul/classification/374 996 $6245$aGlobalizzazione ed ecumene$9(OLS)http://pul/title/175935 996 $6260$aNapoli :$bEdizioni scientifiche italiane$9(OLS)http://pul/publisher/48388